<?xml version="1.0" encoding="UTF-8"?>
<collection xmlns="http://www.loc.gov/MARC21/slim">
  <record>
    <leader>00000nam  2200000   4500</leader>
    <controlfield tag="001">INLIS000000000001208</controlfield>
    <controlfield tag="005">20230403112137</controlfield>
    <datafield tag="035" ind1="#" ind2="#">
      <subfield code="a">0010-0423000020</subfield>
    </datafield>
    <controlfield tag="007">ta</controlfield>
    <controlfield tag="008">230403################f##########0#eng##</controlfield>
    <datafield tag="020" ind1="#" ind2="#">
      <subfield code="a">-</subfield>
    </datafield>
    <datafield tag="082" ind1="#" ind2="#">
      <subfield code="a">658. 312</subfield>
    </datafield>
    <datafield tag="084" ind1="#" ind2="#">
      <subfield code="a">658. 312 AGR</subfield>
    </datafield>
    <datafield tag="245" ind1="#" ind2="#">
      <subfield code="a">Agreement Between BKKBN and FSU on Training Program for Indonesian Nationals in The USA</subfield>
    </datafield>
    <datafield tag="250" ind1="#" ind2="#">
      <subfield code="a">-</subfield>
    </datafield>
    <datafield tag="260" ind1="#" ind2="#">
      <subfield code="a">Jakarta,</subfield>
      <subfield code="c">1991</subfield>
    </datafield>
    <datafield tag="300" ind1="#" ind2="#">
      <subfield code=":"/>
      <subfield code="b">Ilustrasi ;</subfield>
      <subfield code="c">27,5 cm</subfield>
      <subfield code="e">-</subfield>
    </datafield>
    <datafield tag="650" ind1="#" ind2="4">
      <subfield code="a">Pelatihan</subfield>
    </datafield>
    <datafield tag="520" ind1="#" ind2="#">
      <subfield code="a">Perjanjian ini dibuat pada tanggal 11 bulan Agustus 1992 antara, di satu pihak, Badan Koordinasi Keluarga Berencana Nasional, Republik Indonesia (selanjutnya disebut "Pihak Pertama) dan sebaliknya. Pusat Studi Kependudukan, Florida State University (selanjutnya disebut "Pihak Kedua") menggantikan Perjanjian tentatif Antara BKKBN dan FSU tentang Program Pelatihan untuk Warga Negara Indonesia di USA yang ditandatangani oleh kedua belah pihak pada tanggal 17 Januari 1992.&#13;
&#13;
Perjanjian ini mencakup semua ketentuan umum untuk hubungan empat tahun antara kedua pihak. Namun, karena ketidakpastian mengenai tingkat inflasi, biaya hidup, tiket pesawat, dan masalah terkait lainnya, Kontrak yang mencakup penyediaan keuangan tertentu hanya akan dinegosiasikan setiap tahun Angka anggaran dalam perjanjian.</subfield>
    </datafield>
    <datafield tag="990" ind1="#" ind2="#">
      <subfield code="a">B-1991-00005</subfield>
    </datafield>
  </record>
</collection>
